[Event "Vojvodina-chT"]
[Site "Kovacica"]
[Date "2019.11.08"]
[Round "11.5"]
[White "Milojevic, Dusan"]
[Black "Ivanis, Goran"]
[Result "1/2-1/2"]
[WhiteElo "2244"]
[BlackElo "2061"]
[PlyCount "84"]
[EventDate "2019.11.01"]
[EventType "team-tourn"]
[EventRounds "11"]
[EventCountry "SRB"]
[SourceTitle "CBM 192 Extra"]
[Source "Chessbase"]
[SourceDate "2019.11.06"]
[SourceVersion "1"]
[SourceVersionDate "2019.11.06"]
[SourceQuality "1"]
[WhiteTeam "Cosic Opovo Bata"]
[BlackTeam "Indija Sloga"]
[WhiteTeamCountry "SRB"]
[BlackTeamCountry "SRB"]

1. d4 Nf6 2. c4 e6 3. Nf3 b6 4. g3 Bb7 5. Bg2 Be7 6. 0-0 0-0 7. Nc3 Ne4 8. Qd3 d5 9. cxd5 exd5 10. Re1 Bd6 11. Nd2 f5 12. e3 Nd7 13. f3 Nxd2 14. Bxd2 Bb4 15. a3 Bxc3 16. Bxc3 Qf6 17. Rac1 Rfe8 18. b4 a6 19. Bh3 g6 20. Bg2 Qe6 21. Bd2 Rac8 22. a4 Nf6 23. Rc3 c6 24. h3 b5 25. g4 Re7 26. a5 Rce8 27. Rec1 Rc8 28. Be1 Rf7 29. Bh4 Ne8 30. Bg5 Nd6 31. Qc2 Nc4 32. Qf2 Re8 33. Bf4 Bc8 34. g5 Qe7 35. Rb3 Bd7 36. h4 Qf8 37. Bf1 Re6 38. Qh2 Rfe7 39. Rcc3 Be8 40. Qf2 Bf7 41. Qe1 Re8 42. Qc1 Qe7 1/2-1/2

[Event "Belgrade City-chT"]
[Site "Belgrade"]
[Date "2019.05.16"]
[Round "4.4"]
[White "Ivanis, Goran"]
[Black "Becelic, Dejan"]
[Result "1-0"]
[WhiteElo "2044"]
[BlackElo "2072"]
[PlyCount "119"]
[EventDate "2019.05.13"]
[EventType "team-swiss"]
[EventRounds "5"]
[EventCountry "SRB"]
[SourceTitle "CBM 190 Extra"]
[Source "ChessBase"]
[SourceDate "2019.07.15"]
[SourceVersion "1"]
[SourceVersionDate "2019.07.15"]
[SourceQuality "1"]
[WhiteTeam "Cukaricki"]
[BlackTeam "Bask"]
[WhiteTeamCountry "SRB"]
[BlackTeamCountry "SRB"]

1. d4 c5 2. e3 Nf6 3. Nf3 b6 4. Bd3 Bb7 5. 0-0 e6 6. b3 Be7 7. Bb2 0-0 8. Nbd2 d6 9. Qe2 a5 10. a4 Na6 11. Rac1 Nb4 12. Bb5 Rc8 13. c3 Nc6 14. Ba6 Qc7 15. Bxb7 Qxb7 16. Rfd1 Rfd8 17. c4 cxd4 18. Nxd4 Nxd4 19. Bxd4 Qc6 20. Bxf6 Bxf6 21. Qf3 Qxf3 22. gxf3 Kf8 23. Kf1 Ke7 24. Ke2 Rc5 25. Ne4 Rh5 26. Rh1 Rh3 27. Rcd1 h6 28. Ng3 g6 29. e4 Be5 30. Kf1 f5 31. Kg2 Rh4 32. Rhe1 Rf8 33. Rd3 fxe4 34. Rxe4 Rhf4 35. Rxf4 Rxf4 36. Ne4 Rf8 37. h3 Rd8 38. Kf1 d5 39. cxd5 exd5 40. Nd2 Bf4 41. Nb1 Ke6 42. Nc3 d4 43. Nb5 Ke5 44. Na3 Kd5 45. Nc4 Kc5 46. Ke2 Rd5 47. Kf1 Bc7 48. Nd2 b5 49. axb5 Kxb5 50. Ne4 Kb4 51. Nd2 Bf4 52. Ne4 Ka3 53. Nf6 Rd8 54. Ke2 Kb2 55. Ne4 Kc2 56. Nc5 Rd5 57. Ne4 Be5 58. Nd2 g5 59. Nc4 Rb5 60. Na3+ 1-0

[Event "Belgrade-chT Quality"]
[Site "Belgrade"]
[Date "2018.09.28"]
[Round "11.2"]
[White "Ivanis, Goran"]
[Black "Djokic, Nenad"]
[Result "0-1"]
[WhiteElo "2061"]
[BlackElo "2321"]
[PlyCount "93"]
[EventDate "2018.09.17"]
[EventType "team-tourn"]
[EventRounds "11"]
[EventCountry "SRB"]
[SourceTitle "CBM 186 Extra"]
[Source "ChessBase"]
[SourceDate "2018.08.24"]
[SourceVersion "1"]
[SourceVersionDate "2018.08.24"]
[SourceQuality "1"]
[WhiteTeam "Cukaricki"]
[BlackTeam "Belgrade CC"]
[WhiteTeamCountry "SRB"]
[BlackTeamCountry "SRB"]

1. Nf3 c5 2. c4 b6 3. g3 Bb7 4. Bg2 Nf6 5. 0-0 e6 6. e3 Qc7 7. Nc3 a6 8. b3 Be7 9. Bb2 0-0 10. d4 d6 11. Qe2 Nbd7 12. Rfd1 Rac8 13. Rac1 Qb8 14. e4 cxd4 15. Nxd4 Rfd8 16. Nc2 Qa8 17. f3 Ne8 18. Ne3 Rc7 19. Qd2 Rdc8 20. Ne2 Bg5 21. h4 Bxe3+ 22. Qxe3 b5 23. cxb5 axb5 24. a3 b4 25. Rxc7 Rxc7 26. a4 e5 27. Rc1 Ba6 28. Rxc7 Nxc7 29. Nc1 Qc6 30. Bf1 Qc5 31. Qf2 Qxf2+ 32. Kxf2 Bxf1 33. Kxf1 Nc5 34. Ke2 N7a6 35. Kd2 f6 36. Kc2 Kf7 37. Ne2 Ke6 38. Bc1 d5 39. exd5+ Kxd5 40. Be3 Ne6 41. g4 g6 42. Ng3 Nf8 43. Kd3 Nd7 44. h5 Nab8 45. hxg6 hxg6 46. f4 Nc6 47. f5 0-1

[Event "Belgrade-chT Quality"]
[Site "Belgrade"]
[Date "2018.09.25"]
[Round "8.3"]
[White "Ivanis, Goran"]
[Black "Nedeljkovic, Dragan"]
[Result "1/2-1/2"]
[WhiteElo "2061"]
[BlackElo "2170"]
[PlyCount "32"]
[EventDate "2018.09.17"]
[EventType "team-tourn"]
[EventRounds "11"]
[EventCountry "SRB"]
[SourceTitle "CBM 186 Extra"]
[Source "ChessBase"]
[SourceDate "2018.08.24"]
[SourceVersion "1"]
[SourceVersionDate "2018.08.24"]
[SourceQuality "1"]
[WhiteTeam "Cukaricki"]
[BlackTeam "Belgrade PTT"]
[WhiteTeamCountry "SRB"]
[BlackTeamCountry "SRB"]

1. Nf3 Nf6 2. g3 b6 3. c4 c5 4. Bg2 Bb7 5. 0-0 e6 6. e3 Be7 7. d4 0-0 8. Nc3 d6 9. b3 Nbd7 10. Bb2 a6 11. Qc2 Qc7 12. Rac1 Rad8 13. Rfd1 h6 14. Qe2 Ne4 15. Nxe4 Bxe4 16. Ne1 Bxg2 1/2-1/2

[Event "Belgrade-chT Quality"]
[Site "Belgrade"]
[Date "2018.09.17"]
[Round "1.5"]
[White "Milin, Dragan"]
[Black "Ivanis, Goran"]
[Result "1-0"]
[WhiteElo "2014"]
[BlackElo "2061"]
[PlyCount "103"]
[EventDate "2018.09.17"]
[EventType "team-tourn"]
[EventRounds "11"]
[EventCountry "SRB"]
[SourceTitle "CBM 186 Extra"]
[Source "ChessBase"]
[SourceDate "2018.08.24"]
[SourceVersion "1"]
[SourceVersionDate "2018.08.24"]
[SourceQuality "1"]
[WhiteTeam "Bogoslov"]
[BlackTeam "Cukaricki"]
[WhiteTeamCountry "SRB"]
[BlackTeamCountry "SRB"]

1. d4 Nf6 2. Nf3 b6 3. e3 Bb7 4. Bd3 g6 5. Nbd2 Bg7 6. c3 d6 7. Qc2 Nbd7 8. b4 a5 9. b5 0-0 10. Ba3 Re8 11. h4 e5 12. Bc4 d5 13. Be2 Rc8 14. Qb3 exd4 15. cxd4 h6 16. Rc1 Ne4 17. h5 g5 18. Nxe4 Rxe4 19. Bd3 Re8 20. Bb1 Bf8 21. Bb2 Bd6 22. Qd3 Qf6 23. Qh7+ Kf8 24. Nh2 Bxh2 25. Rxh2 Ke7 26. Ba3+ Kd8 27. Qd3 c6 28. bxc6 Rxc6 29. Rxc6 Bxc6 30. Rh1 Kc7 31. Ke2 Kb7 32. Rc1 Nb8 33. Qf5 Qe6 34. Qxe6 Rxe6 35. Bf5 Re8 36. Bd6 f6 37. Bg6 Re6 38. Ba3 Bb5+ 39. Kd2 Bc4 40. e4 b5 41. Bf7 Ra6 42. Bf8 Nd7 43. Bxh6 f5 44. Bxg5 fxe4 45. Be7 Rh6 46. Bg6 b4 47. g4 Bxa2 48. g5 Rh8 49. h6 Bc4 50. Bf5 Kc7 51. h7 a4 52. g6 1-0

[Event "Belgrade-chT Premier"]
[Site "Belgrade"]
[Date "2017.09.27"]
[Round "9.5"]
[White "Djokic, Nenad"]
[Black "Ivanis, Goran"]
[Result "1-0"]
[WhiteElo "2312"]
[BlackElo "2071"]
[PlyCount "63"]
[EventDate "2017.09.18"]
[EventType "team"]
[EventRounds "9"]
[EventCountry "SRB"]
[SourceTitle "EXT 2018"]
[Source "ChessBase"]
[SourceDate "2017.10.13"]
[SourceVersion "1"]
[SourceVersionDate "2017.10.13"]
[SourceQuality "1"]
[WhiteTeam "Belgrade"]
[BlackTeam "Cukaricki"]
[WhiteTeamCountry "SRB"]
[BlackTeamCountry "SRB"]

1. d4 Nf6 2. Nf3 e6 3. c4 b6 4. g3 Bb7 5. Bg2 Bb4+ 6. Bd2 Be7 7. 0-0 0-0 8. Nc3 Ne4 9. d5 Nxc3 10. Bxc3 Bf6 11. Rc1 d6 12. Nd4 e5 13. Nc2 Nd7 14. b4 g6 15. Na1 a5 16. bxa5 bxa5 17. Nb3 a4 18. Na5 Nc5 19. Bb4 Ra6 20. Qd2 Qa8 21. Rb1 Bc8 22. Nc6 Bd7 23. Bxc5 dxc5 24. Qe3 Bxc6 25. dxc6 e4 26. Qxe4 Re8 27. Qc2 Rb6 28. Rxb6 cxb6 29. Rd1 Rd8 30. c7 Rxd1+ 31. Qxd1 Qc8 32. Qd6 1-0

[Event "Belgrade-chT Premier"]
[Site "Belgrade"]
[Date "2017.09.23"]
[Round "5.3"]
[White "Ivanis, Goran"]
[Black "Tisma, Ivan"]
[Result "1/2-1/2"]
[WhiteElo "2071"]
[BlackElo "2101"]
[PlyCount "27"]
[EventDate "2017.09.18"]
[EventType "team"]
[EventRounds "9"]
[EventCountry "SRB"]
[SourceTitle "CBM 180 Extra"]
[Source "ChessBase"]
[SourceDate "2017.10.06"]
[SourceVersion "1"]
[SourceVersionDate "2017.10.06"]
[SourceQuality "1"]
[WhiteTeam "Cukaricki"]
[BlackTeam "Delfin"]
[WhiteTeamCountry "SRB"]
[BlackTeamCountry "SRB"]

1. d4 Nf6 2. Nf3 c5 3. e3 e6 4. Bd3 d5 5. b3 Nc6 6. 0-0 Be7 7. Nbd2 cxd4 8. exd4 0-0 9. a3 Nd7 10. Bb2 Bf6 11. b4 a6 12. Re1 g6 13. Qe2 Bg7 14. Ne5 1/2-1/2

[Event "Belgrade-chT Quality"]
[Site "Belgrade"]
[Date "2016.10.26"]
[Round "10.4"]
[White "Ivanis, Goran"]
[Black "Savkic, Igor"]
[Result "1/2-1/2"]
[WhiteElo "2038"]
[BlackElo "2009"]
[PlyCount "21"]
[EventDate "2016.10.01"]
[EventType "team-tourn"]
[EventRounds "11"]
[EventCountry "SRB"]
[SourceTitle "EXT 2018"]
[Source "ChessBase"]
[SourceDate "2017.10.13"]
[SourceVersion "1"]
[SourceVersionDate "2017.10.13"]
[SourceQuality "1"]

1. d4 d5 2. Nf3 Nf6 3. Bf4 e6 4. e3 c5 5. c3 Nc6 6. Bd3 Bd6 7. Bg3 Ne4 8. dxc5 Bxc5 9. Bxe4 dxe4 10. Qxd8+ Nxd8 11. Nd4 1/2-1/2

[Event "Belgrade-chT Quality"]
[Site "Belgrade"]
[Date "2016.10.01"]
[Round "1.3"]
[White "Petrovic, Zoran Z"]
[Black "Ivanis, Goran"]
[Result "1/2-1/2"]
[WhiteElo "2013"]
[BlackElo "2038"]
[PlyCount "95"]
[EventDate "2016.10.01"]
[EventType "team-tourn"]
[EventRounds "11"]
[EventCountry "SRB"]
[SourceTitle "EXT 2018"]
[Source "ChessBase"]
[SourceDate "2017.10.13"]
[SourceVersion "1"]
[SourceVersionDate "2017.10.13"]
[SourceQuality "1"]

1. e4 c5 2. b3 Nc6 3. Bb2 d6 4. Bb5 Nf6 5. Bxc6+ bxc6 6. d3 g6 7. f4 Bg7 8. Nf3 0-0 9. c4 d5 10. e5 Nh5 11. Qc1 dxc4 12. dxc4 Qd3 13. Kf2 Rd8 14. Nc3 Bg4 15. Rd1 Qf5 16. g3 Bxf3 17. Kxf3 Qh3 18. Qc2 Bh6 19. Bc1 Rxd1 20. Nxd1 Rd8 21. Be3 f6 22. exf6 exf6 23. Qg2 Qe6 24. Nf2 Bf8 25. Qf1 Ng7 26. g4 f5 27. h3 Be7 28. Rd1 Re8 29. Qd3 Bh4 30. Bxc5 Bxf2 31. Bxf2 fxg4+ 32. hxg4 h5 33. Rg1 Kf7 34. Qe3 hxg4+ 35. Rxg4 Qd7 36. Qxa7 Qxa7 37. Bxa7 Ra8 38. Bc5 Rxa2 39. Rg2 Ra5 40. Bd4 Nf5 41. Bc3 Nh4+ 42. Kg3 Nf5+ 43. Kf3 Ra3 44. Rb2 Ke6 45. Bb4 Rxb3+ 46. Rxb3 Nd4+ 47. Ke4 Nxb3 48. Kd3 1/2-1/2

[Event "Belgrade-chT"]
[Site "Belgrade"]
[Date "2014.11.05"]
[Round "13"]
[White "Ivanis, Goran"]
[Black "Jovicic, Dragomir"]
[Result "1/2-1/2"]
[WhiteElo "2025"]
[BlackElo "2120"]
[PlyCount "30"]
[EventDate "2014.10.04"]
[EventType "team-tourn"]
[EventRounds "13"]
[EventCountry "SRB"]
[SourceTitle "EXT 2015"]
[Source "ChessBase"]
[SourceDate "2014.11.20"]
[SourceVersion "1"]
[SourceVersionDate "2014.11.20"]
[SourceQuality "1"]

1. d4 d5 2. c4 e6 3. Nc3 Nf6 4. Bg5 Be7 5. e3 0-0 6. Rc1 c6 7. Nf3 Nbd7 8. cxd5 cxd5 9. Bd3 Nb6 10. 0-0 Bd7 11. Qe2 Rc8 12. Bxf6 gxf6 13. Bb5 Bxb5 14. Qxb5 Qd7 15. Qxd7 Nxd7 1/2-1/2

[Event "Belgrade-chT"]
[Site "Belgrade"]
[Date "2014.11.03"]
[Round "11"]
[White "Ivanis, Goran"]
[Black "Milutinovic, Milan"]
[Result "0-1"]
[WhiteElo "2025"]
[BlackElo "2009"]
[PlyCount "102"]
[EventDate "2014.10.04"]
[EventType "team-tourn"]
[EventRounds "13"]
[EventCountry "SRB"]
[SourceTitle "EXT 2015"]
[Source "ChessBase"]
[SourceDate "2014.11.20"]
[SourceVersion "1"]
[SourceVersionDate "2014.11.20"]
[SourceQuality "1"]

1. d4 d5 2. Bg5 Nf6 3. Bxf6 exf6 4. e3 Be6 5. Nd2 c6 6. Ngf3 Bd6 7. Bd3 0-0 8. 0-0 Nd7 9. c4 f5 10. Rc1 Nf6 11. cxd5 cxd5 12. g3 Ne4 13. Nb3 Qe7 14. Kg2 g6 15. Nfd2 Bd7 16. Qe2 a6 17. f3 Nxd2 18. Nxd2 Qf6 19. f4 Rfe8 20. Nf3 Qe7 21. Kf2 f6 22. h4 h5 23. a3 Kg7 24. Nd2 Kh6 25. Rc3 Rac8 26. Rfc1 Rxc3 27. Rxc3 g5 28. hxg5+ fxg5 29. Nf3 g4 30. Nh4 Qf7 31. Qc2 Rf8 32. Qb1 Be7 33. Qh1 Bd8 34. Rc5 Be6 35. Ng2 Bb6 36. Rc3 Qd7 37. Qc1 Bd8 38. b4 Rf7 39. Qc2 Bf6 40. a4 Bd8 41. Be2 Qe7 42. b5 a5 43. Bd3 Qd7 44. Qb3 Bb6 45. Rc1 Qd6 46. Qb1 Qa3 47. Nh4 Bd8 48. Rh1 Bxh4 49. Rxh4 Rc7 50. Rh1 Rc3 51. Rd1 Rb3 0-1

[Event "Belgrade-chT"]
[Site "Belgrade"]
[Date "2014.10.11"]
[Round "3"]
[White "Ivanis, Goran"]
[Black "Kovacevic, Marko D"]
[Result "1-0"]
[WhiteElo "2025"]
[BlackElo "1925"]
[PlyCount "95"]
[EventDate "2014.10.04"]
[EventType "team-tourn"]
[EventRounds "13"]
[EventCountry "SRB"]
[SourceTitle "EXT 2015"]
[Source "ChessBase"]
[SourceDate "2014.11.20"]
[SourceVersion "1"]
[SourceVersionDate "2014.11.20"]
[SourceQuality "1"]

1. d4 d5 2. e3 Nf6 3. Bd3 Bg4 4. f3 Bh5 5. b3 e6 6. Ne2 Bg6 7. 0-0 Bd6 8. f4 Ne4 9. Bxe4 Bxe4 10. Nd2 Bg6 11. Nf3 Nd7 12. Bd2 Nf6 13. Be1 Ne4 14. Ng3 h6 15. Nxe4 Bxe4 16. c4 c5 17. Bc3 0-0 18. Rc1 Rc8 19. cxd5 exd5 20. Qd2 c4 21. Ne5 f6 22. Ng4 b5 23. Nf2 Re8 24. Bb4 Qe7 25. Bxd6 Qxd6 26. Nxe4 Rxe4 27. bxc4 bxc4 28. Kf2 g5 29. g3 Qa3 30. Rc3 Qb4 31. Rfc1 Rb8 32. Qe2 Qa5 33. R1c2 Re6 34. Qh5 Qc7 35. Qxh6 Qg7 36. Qxg7+ Kxg7 37. Kf3 Kg6 38. h3 Rh8 39. Rh2 Re7 40. fxg5 fxg5 41. h4 Rf8+ 42. Ke2 gxh4 43. Rxh4 Rf6 44. Rg4+ Kh5 45. Rg8 Ra6 46. Rc2 Ra3 47. Kd1 Raxe3 48. Rh2# 1-0

[Event "Belgrade-chT"]
[Site "Belgrade"]
[Date "2014.10.05"]
[Round "2"]
[White "Ivanis, Goran"]
[Black "Milicevic, Predrag I"]
[Result "1/2-1/2"]
[WhiteElo "2025"]
[BlackElo "2100"]
[PlyCount "24"]
[EventDate "2014.10.04"]
[EventType "team-tourn"]
[EventRounds "13"]
[EventCountry "SRB"]
[SourceTitle "EXT 2015"]
[Source "ChessBase"]
[SourceDate "2014.11.20"]
[SourceVersion "1"]
[SourceVersionDate "2014.11.20"]
[SourceQuality "1"]

1. d4 d6 2. Bg5 g6 3. Nf3 Bg7 4. c3 h6 5. Bh4 Nf6 6. e3 0-0 7. Be2 Nbd7 8. 0-0 e5 9. dxe5 dxe5 10. Na3 Qe7 11. Nc4 g5 12. Bg3 Ne4 1/2-1/2

[Event "Belgrade tt Cup"]
[Site "Belgrade"]
[Date "2013.04.21"]
[Round "5"]
[White "Stojanovic, Sasa M"]
[Black "Ivanis, Goran"]
[Result "1/2-1/2"]
[WhiteElo "2025"]
[BlackElo "2015"]
[PlyCount "44"]
[EventDate "2013.04.17"]
[EventType "team-swiss"]
[EventRounds "5"]
[EventCountry "SRB"]
[SourceTitle "EXT 2015"]
[Source "ChessBase"]
[SourceDate "2014.11.20"]
[SourceVersion "1"]
[SourceVersionDate "2014.11.20"]
[SourceQuality "1"]

1. e4 c5 2. Nf3 d6 3. d4 cxd4 4. Nxd4 Nf6 5. Nc3 a6 6. f3 g6 7. Be3 Bg7 8. Qd2 0-0 9. Bc4 b5 10. Bb3 Qc7 11. 0-0-0 Nc6 12. Nxc6 Qxc6 13. Nd5 Re8 14. h4 Be6 15. h5 Bxd5 16. exd5 Qc7 17. Bh6 Bh8 18. g4 a5 19. a3 Nd7 20. hxg6 fxg6 21. Qe2 Nc5 22. Kb1 Qd7 1/2-1/2

[Event "SRB-chT quality"]
[Site "Belgrade"]
[Date "2010.10.31"]
[Round "11"]
[White "Ivanis, Goran"]
[Black "Mancic, Cedomir"]
[Result "1/2-1/2"]
[WhiteElo "2017"]
[BlackElo "2196"]
[PlyCount "72"]
[EventDate "2010.10.09"]
[EventType "team-tourn"]
[EventRounds "11"]
[EventCountry "YUG"]
[SourceTitle "EXT 2011"]
[Source "ChessBase"]
[SourceDate "2010.11.26"]
[SourceVersion "1"]
[SourceVersionDate "2010.11.26"]
[SourceQuality "1"]

1. d4 d5 2. Nf3 Nf6 3. c4 c6 4. Nc3 dxc4 5. a4 Bg4 6. e3 e6 7. Bxc4 Bb4 8. 0-0 0-0 9. Qb3 Qe7 10. Ne5 Bh5 11. Bd2 c5 12. dxc5 Bxc5 13. Be2 Bxe2 14. Nxe2 Ne4 15. Bc3 Na6 16. Rad1 Rad8 17. Bd4 Bd6 18. Nc3 Bxe5 19. Nxe4 Bxd4 20. Rxd4 Rxd4 21. exd4 Nb4 22. Nc5 Nd5 23. a5 b6 24. axb6 axb6 25. Ne4 Rc8 26. Nc3 Qb4 27. Qxb4 Nxb4 28. g3 Ra8 29. Rd1 Ra5 30. Kf1 Kf8 31. Ke2 Ke7 32. Kd2 f5 33. f4 Kd6 34. Re1 h6 35. h4 g6 36. Rh1 h5 1/2-1/2

[Event "Belgrade-chT Quality"]
[Site "Belgrade"]
[Date "2009.11.03"]
[Round "11"]
[White "Lalic, Mile"]
[Black "Ivanis, Goran"]
[Result "1/2-1/2"]
[WhiteElo "2080"]
[BlackElo "2026"]
[PlyCount "130"]
[EventDate "2009.10.11"]
[EventType "team-tourn"]
[EventRounds "11"]
[EventCountry "YUG"]
[SourceTitle "CBM 133 Extra"]
[Source "ChessBase"]
[SourceDate "2010.01.05"]
[SourceVersion "1"]
[SourceVersionDate "2010.01.05"]
[SourceQuality "1"]

1. e4 c5 2. Nf3 d6 3. Bb5+ Bd7 4. Bxd7+ Qxd7 5. d4 cxd4 6. Nxd4 Nf6 7. Nc3 g6 8. 0-0 Bg7 9. Bg5 0-0 10. Qd2 Nc6 11. Nf3 Ng4 12. Rad1 Rac8 13. h3 Nge5 14. Nxe5 Nxe5 15. Nd5 f6 16. Bf4 Nc4 17. Qb4 Rc6 18. Qb3 Kh8 19. c3 Nb6 20. Rfe1 Nc4 21. Qc2 b5 22. Be3 a5 23. b3 Ne5 24. f4 Nf7 25. f5 e6 26. Nb6 Qb7 27. fxe6 Rxb6 28. exf7 Rc6 29. Bd4 Rxf7 30. Rd2 Qe7 31. Rf1 Rc8 32. Qd3 b4 33. c4 Re8 34. Bb6 Bf8 35. Qd5 Qd7 36. Qxa5 Rxe4 37. Qxb4 Qe6 38. Qb5 Bh6 39. Rdf2 Re1 40. Qd5 Qe7 41. Bd4 Kg7 42. b4 Re5 43. Bxe5 dxe5 44. Rb2 Qa7+ 45. c5 Rd7 46. Qe6 Bg5 47. Rb3 Re7 48. Qd6 Rd7 49. Qc6 Rd2 50. a3 Qf7 51. Rc3 Qa2 52. Qf3 f5 53. c6 e4 54. Qg3 Bh4 55. Qe5+ Bf6 56. Qc7+ Kh6 57. Rg3 Bd4+ 58. Kh2 Rf2 59. Rd1 Qb2 60. Rxd4 Qxd4 61. Qe7 Rf1 62. Qg5+ Kg7 63. Qe3 Qd1 64. Rf3 Rh1+ 65. Kg3 exf3 1/2-1/2

[Event "Belgrade-chT Quality"]
[Site "Belgrade"]
[Date "2009.10.29"]
[Round "7"]
[White "Ivanis, Goran"]
[Black "Velimir, Velimir"]
[Result "0-1"]
[WhiteElo "2026"]
[BlackElo "2063"]
[PlyCount "148"]
[EventDate "2009.10.11"]
[EventType "team-tourn"]
[EventRounds "11"]
[EventCountry "YUG"]
[SourceTitle "CBM 133 Extra"]
[Source "ChessBase"]
[SourceDate "2010.01.05"]
[SourceVersion "1"]
[SourceVersionDate "2010.01.05"]
[SourceQuality "1"]

1. d4 c5 2. c3 cxd4 3. cxd4 d5 4. Nc3 Nc6 5. Nf3 Nf6 6. e3 g6 7. Bb5 Bd7 8. 0-0 a6 9. Bxc6 Bxc6 10. Ne5 Qd6 11. Bd2 Nd7 12. f4 e6 13. Rc1 Nxe5 14. fxe5 Qd7 15. Be1 Be7 16. Qg4 Bd8 17. Bh4 g5 18. Be1 h5 19. Qd1 Rh6 20. a3 h4 21. b4 Bb5 22. Rf2 Bc4 23. Na4 b6 24. Nb2 b5 25. Qf3 Rc8 26. Qd1 Bb6 27. a4 Ke7 28. axb5 axb5 29. Ra1 Qb7 30. Qf3 Rf8 31. Nxc4 bxc4 32. b5 f5 33. Bb4+ Kf7 34. Bxf8 Kxf8 35. Qe2 Kf7 36. Qb2 Rh8 37. Ra6 Re8 38. Qa3 Rd8 39. h3 Qc7 40. Kh2 Qb7 41. Qb4 Rd7 42. Ra3 Bd8 43. Qa4 Be7 44. Ra1 Bd8 45. Qa6 Bb6 46. Qa4 Kg7 47. Qd1 Kg6 48. Rfa2 Rd8 49. Ra6 Re8 50. Qb1 Kh6 51. R1a2 Kg6 52. Qa1 Bd8 53. b6 Kh6 54. Qb2 g4 55. hxg4 Qg7 56. Qf2 fxg4 57. Qf4+ Kh5 58. Ra7 Qg6 59. Qf7 Bxb6 60. Qxg6+ Kxg6 61. Rb7 Bd8 62. Ra8 Kf5 63. Rf7+ Ke4 64. Rf4+ Kxe3 65. Rxg4 c3 66. Rc8 Kd3 67. Rf4 c2 68. Rf3+ Kxd4 69. Rxc2 Kxe5 70. Rc8 Ke4 71. Rf1 d4 72. Re1+ Kd5 73. g3 hxg3+ 74. Kxg3 Bh4+ 0-1

[Event "Belgrade-chT Quality"]
[Site "Belgrade"]
[Date "2008.11.08"]
[Round "7"]
[White "Stamatovic, Aleksandar"]
[Black "Ivanis, Goran"]
[Result "1-0"]
[WhiteElo "2166"]
[BlackElo "2053"]
[PlyCount "75"]
[EventDate "2008.11.01"]
[EventType "team-swiss"]
[EventRounds "11"]
[EventCountry "YUG"]
[SourceTitle "CBM 127 Extra"]
[Source "ChessBase"]
[SourceDate "2009.01.08"]
[SourceVersion "2"]
[SourceVersionDate "2009.01.28"]
[SourceQuality "1"]

1. e4 c5 2. Nf3 d6 3. Bb5+ Bd7 4. Bxd7+ Qxd7 5. 0-0 g6 6. c3 Bg7 7. d4 cxd4 8. cxd4 e6 9. Nc3 Ne7 10. Bf4 0-0 11. Qd2 d5 12. Bh6 Nbc6 13. Ne5 Nxe5 14. dxe5 d4 15. Ne2 Nc6 16. Bxg7 Kxg7 17. f4 f5 18. exf6+ Rxf6 19. Ng3 Ne7 20. Rad1 Rd8 21. Qa5 b5 22. Rd3 Rb8 23. Qb4 Nc6 24. Qc5 e5 25. Rdf3 Qd6 26. Qc1 exf4 27. Rxf4 Rxf4 28. Rxf4 Ne5 29. Rh4 Nf7 30. Rh5 Qb4 31. Rd5 Rd8 32. a3 Qa5 33. b4 Qa6 34. Qd2 Rc8 35. Qxd4+ Kg8 36. Rd7 Qxa3 37. Rxf7 Qc1+ 38. Rf1 1-0